[Event "AUTO-OPEN-4621"]
[Site "http://www.queenalice.com/game.php?id=1864813"]
[Date "2025.10.28"]
[Round "1"]
[White "Takeda"]
[Black "bmax"]
[Result "1-0"]
[WhiteElo "2076"]
[BlackElo "2279"]

1. e4 c6 2. Nf3 d5 3. exd5 cxd5 4. d4 Nc6 5. Bb5 Qa5+ 6. Nc3 Bg4 7. O-O e6 8.
Qd3 Bd6 9. Bd2 Bxf3 10. Qxf3 Qc7 11. h3 Ne7 12. Rfe1 O-O 13. Bxc6 bxc6 14. Ne2
c5 15. dxc5 Qxc5 16. c3 Nf5 17. Nf4 Rab8 18. b3 Rfc8 19. Nd3 Qb6 20. Re2 a5 21.
Nf4 a4 22. b4 Rc4 23. Nxd5 Qb5 24. Ne3 Rf4 25. c4 Qe5 26. Qc6 Qxa1+ 27. Nf1 Nd4
28. Qxd6 Nxe2+ 29. Kh2 Qxf1 30. Qxb8# 1-0

[Event "AUTO-OPEN-4468"]
[Site "http://www.queenalice.com/game.php?id=1865232"]
[Date "2025.11.5"]
[Round "3"]
[White "Takeda"]
[Black "Scharlatan"]
[Result "1-0"]
[WhiteElo "2060"]
[BlackElo "1831"]

1. e4 c5 2. Nf3 g6 3. Bc4 Bg7 4. O-O d6 5. c3 Nf6 6. d3 O-O 7. Nbd2 Nc6 8. a3
Rb8 9. b4 cxb4 10. axb4 a6 11. b5 axb5 12. Bxb5 1-0

[Event "AUTO-OPEN-4468"]
[Site "http://www.queenalice.com/game.php?id=1865233"]
[Date "2025.11.5"]
[Round "3"]
[White "Scharlatan"]
[Black "Takeda"]
[Result "0-1"]
[WhiteElo "1838"]
[BlackElo "2053"]

1. d4 g6 2. c4 Bg7 3. Nf3 d6 4. Nc3 Nf6 5. e4 O-O 6. h3 c5 7. d5 a6 8. a4 b6 9.
Bd3 Bb7 10. Be3 Nbd7 11. O-O Ne8 12. Qd2 Nc7 0-1

[Event "AUTO-OPEN-4625"]
[Site "http://www.queenalice.com/game.php?id=1865909"]
[Date "2025.11.20"]
[Round "1"]
[White "MarcosT"]
[Black "Takeda"]
[Result "1-0"]
[WhiteElo "2068"]
[BlackElo "2121"]

1. d4 g6 2. e4 Bg7 3. Nf3 d6 4. Bd3 Nf6 5. c3 O-O 6. O-O Bg4 7. Re1 c5 8. Nbd2
cxd4 9. cxd4 Nc6 10. h3 Bd7 11. e5 dxe5 12. dxe5 Nd5 13. Be4 Nb6 14. Bd3 Qc7 15.
Nc4 Nxc4 16. Bxc4 Rfd8 17. Qe2 e6 18. a3 Rac8 19. b3 a6 20. Bb2 Na5 21. Rac1 Qb6
22. Bd4 Qc7 23. Bxe6 Qxc1 24. Rxc1 Rxc1+ 25. Kh2 Bxe6 26. Bb6 1-0

[Event "AUTO-OPEN-4625"]
[Site "http://www.queenalice.com/game.php?id=1865910"]
[Date "2025.11.20"]
[Round "1"]
[White "Takeda"]
[Black "MarcosT"]
[Result "0-1"]
[WhiteElo "2107"]
[BlackElo "2086"]

1. e4 e5 2. Nf3 Nf6 3. Nxe5 Nc6 4. Nxc6 dxc6 5. Nc3 Bc5 6. Bc4 Qd4 7. Qe2 Bg4 8.
f3 Bh5 9. d3 O-O-O 10. Na4 Rhe8 11. Nxc5 Qxc5 12. Be3 Qb4+ 13. c3 Qe7 14. O-O
Nd7 15. Bxa7 f5 16. Rfe1 Ne5 17. d4 Nxc4 18. Qxc4 fxe4 19. Bc5 Qg5 20. fxe4 Bf3
21. g3 Bxe4 22. Rad1 Qg4 23. Qf1 h5 24. Qf4 Qh3 0-1

[Event "AUTO-OPEN-4625"]
[Site "http://www.queenalice.com/game.php?id=1865919"]
[Date "2025.11.20"]
[Round "1"]
[White "WHUSIRO"]
[Black "Takeda"]
[Result "1-0"]
[WhiteElo "2025"]
[BlackElo "2073"]

1. e4 g6 2. d4 Bg7 3. Be3 d6 4. Nf3 Nf6 5. Bd3 O-O 6. h3 Nbd7 7. c3 c5 8. e5
dxe5 9. dxe5 Nd5 10. Bc4 Nxe3 11. fxe3 Nxe5 12. Qb3 Nxc4 13. Qxc4 b6 14. Nbd2
Qc7 15. O-O Bb7 16. Rad1 Rfd8 17. Qe2 Rd7 18. Nh2 Rad8 19. Ndf3 Qg3 20. Rxd7
Rxd7 21. Qf2 Qxf2+ 22. Rxf2 Bxf3 23. Nxf3 Bh6 24. Re2 b5 25. Kf2 a5 26. Rd2
Rxd2+ 27. Nxd2 f5 28. g3 Kf7 29. Nb3 b4 30. Nxc5 bxc3 31. bxc3 Bg7 32. c4 e5 33.
a4 Bf8 34. Nb3 1-0

[Event "AUTO-OPEN-4625"]
[Site "http://www.queenalice.com/game.php?id=1865920"]
[Date "2025.11.20"]
[Round "1"]
[White "Takeda"]
[Black "WHUSIRO"]
[Result "0-1"]
[WhiteElo "2092"]
[BlackElo "2006"]

1. e4 c5 2. Nf3 d6 3. Bc4 Nf6 4. Qe2 e6 5. O-O Be7 6. d4 cxd4 7. Nxd4 Nc6 8.
Nxc6 bxc6 9. Nc3 O-O 10. b3 Bb7 11. Ba6 Qc7 12. Bb2 e5 13. Rad1 Bxa6 14. Qxa6
Rab8 15. Rd2 Rb6 16. Qe2 h6 17. Rfd1 Rd8 18. h3 a5 19. Na4 Rbb8 20. Ba3 c5 21.
Nc3 Qc6 22. Nd5 Nxd5 23. Rxd5 Qb6 24. Qg4 Qc7 25. c4 Qc8 26. Qg3 Qe6 27. f4 f6
28. f5 Qf7 29. Bc1 Kh8 30. Bd2 Ra8 31. Qe1 a4 32. b4 Rac8 33. b5 Bf8 0-1

[Event "AUTO-MASTER-3290"]
[Site "http://www.queenalice.com/game.php?id=1866528"]
[Date "2025.12.4"]
[Round "1"]
[White "cerenzo72"]
[Black "Takeda"]
[Result "0-1"]
[WhiteElo "2189"]
[BlackElo "2108"]

1. c4 g6 2. d4 Bg7 3. e3 Nf6 4. Nf3 O-O 5. Nc3 d6 6. Be2 c5 7. d5 Nbd7 8. O-O b6
9. e4 Bb7 10. Bg5 a6 11. Rb1 Ne8 12. Na4 Nc7 13. b4 b5 14. cxb5 axb5 15. Nc3 c4
16. Qc2 h6 17. Bh4 Bxc3 18. Qxc3 Rxa2 19. Rfe1 Nb6 20. Qc1 Qd7 21. Qxh6 f6 22.
Qxg6+ Kh8 23. Bg3 Qe8 24. Qh6+ Kg8 25. Nh4 Rf7 26. Bh5 Rh7 27. Qxh7+ Kxh7 28.
Bxe8 Nxe8 29. Nf5 c3 30. Nd4 Nc7 31. Rec1 Na4 32. Ne2 Rxe2 33. f4 Rxe4 34. Re1
f5 35. Rxe4 fxe4 36. Bf2 Nxd5 37. g3 c2 38. Rc1 Nxb4 39. Kf1 Nc5 40. Bxc5 dxc5
41. Ke2 Bd5 42. h4 Bc4+ 43. Kd2 Bd3 44. f5 Na2 45. Rxc2 Bxc2 46. Kxc2 Nb4+ 0-1

[Event "AUTO-MASTER-3290"]
[Site "http://www.queenalice.com/game.php?id=1866529"]
[Date "2025.12.4"]
[Round "1"]
[White "Takeda"]
[Black "cerenzo72"]
[Result "1-0"]
[WhiteElo "2058"]
[BlackElo "2192"]

1. e4 e5 2. Nf3 d6 3. h3 Nf6 4. Nc3 Nc6 5. Bb5 Bd7 6. O-O Be7 7. a3 O-O 8. d3 a6
9. Ba4 b5 10. Bb3 Na5 11. Ba2 c5 12. Ng5 Bc6 13. b4 cxb4 14. axb4 Nb7 15. f4 Nd7
16. fxe5 Bxg5 17. Bxg5 Qxg5 18. Rf5 Qe3+ 19. Kh2 Nxe5 20. Nd5 Bxd5 21. Bxd5 Rab8
22. Rxa6 g6 23. Rf1 Nd8 24. Rxd6 Kg7 25. d4 Nc4 26. Rf3 Qg5 27. c3 Nb7 28. Rd7
Nbd6 29. e5 Ne3 30. Rxe3 Qxe3 31. Rxd6 Qxc3 32. Qf1 Qc8 33. Qf6+ Kg8 34. e6 Qc7
35. e7 1-0

[Event "AUTO-MASTER-3290"]
[Site "http://www.queenalice.com/game.php?id=1866536"]
[Date "2025.12.4"]
[Round "1"]
[White "chessman"]
[Black "Takeda"]
[Result "1-0"]
[WhiteElo "2133"]
[BlackElo "2067"]

1. e4 g6 2. Bc4 Bg7 3. d4 d6 4. Nf3 Nf6 5. Nc3 O-O 6. Bb3 Bg4 7. O-O Nbd7 8. Re1
c5 9. Be3 Rc8 10. dxc5 dxc5 11. Bd5 Nxd5 12. exd5 Ne5 13. Kh1 a6 14. a4 Nxf3 15.
gxf3 Bh3 16. Qd2 Bxc3 17. bxc3 Qd6 18. c4 Qf6 19. Qe2 Rfd8 20. Rg1 Rd6 21. Bg5
Qf5 22. Rg3 Re6 23. dxe6 1-0